Bridging the gap (Record no. 71727)
[ view plain ]
| 000 -LEADER | |
|---|---|
| fixed length control field | 00870cam a2200217 4500 |
| 001 - CONTROL NUMBER | |
| control field | WB3846-14 |
| 008 - FIXED-LENGTH DATA ELEMENTS--GENERAL INFORMATION | |
| fixed length control field | 021209n2002 000 0 eng u |
| 035 ## - SYSTEM CONTROL NUMBER | |
| System control number | (Sirsi) u120709 |
| 245 ## - TITLE STATEMENT | |
| Title | Bridging the gap |
| 260 ## - PUBLICATION, DISTRIBUTION, ETC. | |
| Date of publication, distribution, etc. | 2002 |
| 490 ## - SERIES STATEMENT | |
| Series statement | RICS Press Release |
| Volume/sequential designation | 4 December 2002, (2) |
| 520 ## - SUMMARY, ETC. | |
| Summary, etc. | A joint initiative from RICS and the ODPM aims to give property developers easy access to online information on the role of Gap funding from the state. 'Bridging the Gap' website is now live and will make the regeneration of England's more deprived areas easier. The website takes developers on a step-by-step guide through the regeneration process. |
| 590 ## - LOCAL NOTE (RLIN) | |
| Local note | WB |
| 650 ## - SUBJECT ADDED ENTRY--TOPICAL TERM | |
| Topical term or geographic name entry element | PROPERTY DEVELOPERS |
| 650 ## - SUBJECT ADDED ENTRY--TOPICAL TERM | |
| Topical term or geographic name entry element | GAP FUNDING |
| 650 ## - SUBJECT ADDED ENTRY--TOPICAL TERM | |
| Topical term or geographic name entry element | EUROPEAN UNION |
| 650 ## - SUBJECT ADDED ENTRY--TOPICAL TERM | |
| Topical term or geographic name entry element | RICS |
| 690 ## - LOCAL SUBJECT ADDED ENTRY--TOPICAL TERM (OCLC, RLIN) | |
| Topical term or geographic name as entry element | REGENERATION |
| 856 ## - ELECTRONIC LOCATION AND ACCESS | |
| Host name | http://www.bridgingthegap.uk.com |
| 942 ## - ADDED ENTRY ELEMENTS (KOHA) | |
| Suppress in OPAC | 0 |
| Withdrawn status | Lost status | Source of classification or shelving scheme | Damaged status | Not for loan | Home library | Current library | Shelving location | Date acquired | Total Checkouts | Full call number | Barcode | Date last seen | Copy number | Price effective from | Koha item type |
|---|---|---|---|---|---|---|---|---|---|---|---|---|---|---|---|
| Dewey Decimal Classification | London | London | Books | 09/12/2002 | WB3846-14 | 120709-1001 | 06/08/2019 | 1 | 06/08/2019 | Book |